000 00302nam a22001217a 4500
008 230606b xxu||||| |||| 00| 0 eng d
082 _a340.690
_bCUP
245 _aJournal of African Law
260 _aLondon
_bCambridge University Press
300 _aI,235p
440 _n2
_v45
_x02218553
942 _2ddc
_cBK
999 _c549
_d549